| 000 | 00430nam a2200145Ia 4500 | ||
|---|---|---|---|
| 008 | 220204s9999 xx 000 0 und d | ||
| 082 |
_aNR:063RG`1975' _bRRM.1;1 |
||
| 245 | 0 | _aInternational Rubber conference, 1975, Kuala Lumpur, Malaysia, Proceedings. V 1 | |
| 260 |
_aKuala Lumpur _bRRIM _c1975 |
||
| 650 | _aPlant breeding | ||
| 650 | _aPlant vacuoles | ||
| 650 | _aRubber industry | ||
| 650 | _aSynthetic rubbe | ||
| 942 | _cBK | ||
| 999 |
_c43340 _d43340 |
||